00515nam a2200181Ii 45000010005000000030009000050080041000140400033000550410008000880820014000961000021001102450039001312640070001703000012002403360026002523370028002783380027003065762CO-ViMGA241108s9999||||xx |||||||||||||| ||und|| aCO-ViMGAbspaerdacCO-ViMGA0 aunk04aA863-C3451 aArturo Capdevila10a amor de Schahrazada Zincalí 1a[Lugar de publicación no identificado] : Editorial Losada, 1957 avolumen atextbtxt2rdacontent aunmediatedbn2rdamedia avolumebnc2rdacarrier